[Event "BL2 West 1314 (Women)"]
[Site "Germany"]
[Date "2014.02.16"]
[Round "5.5"]
[White "Buechle, Regina"]
[Black "Lange, Anika"]
[Result "1-0"]
[WhiteElo "1974"]
[BlackElo "1714"]
[PlyCount "55"]
[EventDate "2013.11.30"]
[EventType "team-tourn"]
[EventRounds "7"]
[EventCountry "GER"]
[SourceTitle "EXT 2018"]
[Source "ChessBase"]
[SourceDate "2017.10.13"]
[SourceVersion "1"]
[SourceVersionDate "2017.10.13"]
[SourceQuality "1"]
[WhiteTeam "Wattenscheid (W)"]
[BlackTeam "Delmenhorst (W)"]
[WhiteTeamCountry "GER"]
[BlackTeamCountry "GER"]

1. d4 d5 2. Nf3 Nf6 3. c4 e6 4. cxd5 exd5 5. Bg5 Be7 6. Nc3 c6 7. Qc2 0-0 8. e3 Bg4 9. Ne5 Be6 10. Bd3 h6 11. Bh4 Nbd7 12. Bg3 Nxe5 13. Bxe5 Qc8 14. 0-0 Ng4 15. Bg3 f5 16. Na4 Nf6 17. f3 Nh5 18. Be5 Bf6 19. Bxf6 Rxf6 20. b4 Qe8 21. Rae1 Rf8 22. Nc5 Qc8 23. a4 Bd7 24. e4 fxe4 25. fxe4 Rxf1+ 26. Rxf1 dxe4 27. Bxe4 Be8 28. Bh7+ 1-0

[Event "Bremen-ch op"]
[Site "Bremen"]
[Date "2013.03.26"]
[Round "5"]
[White "Bergmann, Reinhold"]
[Black "Lange, Anika"]
[Result "0-1"]
[WhiteElo "1882"]
[BlackElo "1652"]
[PlyCount "64"]
[EventDate "2013.03.23"]
[EventType "swiss"]
[EventRounds "9"]
[EventCountry "GER"]
[SourceTitle "EXT 2022"]
[Source "ChessBase"]
[SourceDate "2021.10.06"]
[SourceVersion "1"]
[SourceVersionDate "2021.10.06"]
[SourceQuality "1"]

1. e4 c5 2. Nf3 e6 3. d4 cxd4 4. Nxd4 Nc6 5. Nc3 a6 6. Nxc6 bxc6 7. Bd3 d5 8. exd5 cxd5 9. 0-0 Nf6 10. Bg5 Be7 11. Re1 0-0 12. h3 Qb6 13. Na4 Qc6 14. Nc3 h6 15. Bh4 Qb6 16. Na4 Qc6 17. c3 Bd7 18. Bc2 Rab8 19. Rc1 Qc4 20. Bg3 Bxa4 21. Bxb8 Bxc2 22. Rxc2 Rxb8 23. b4 Rc8 24. Rc1 Ne4 25. Qa4 Qb5 26. Qb3 a5 27. a3 Nc5 28. Qd1 Nd3 29. c4 dxc4 30. Qxd3 cxd3 31. Rxc8+ Kh7 32. bxa5 d2 0-1

[Event "GER-ch U18 Girls"]
[Site "Oberhof"]
[Date "2012.05.29"]
[Round "5"]
[White "Lange, Anika"]
[Black "Mehling, Franziska"]
[Result "1-0"]
[WhiteElo "1465"]
[BlackElo "1691"]
[PlyCount "47"]
[EventDate "2012.05.27"]
[EventType "swiss"]
[EventRounds "9"]
[EventCountry "GER"]
[SourceTitle "CBM 148 Extra"]
[Source "ChessBase"]
[SourceDate "2012.06.22"]
[SourceVersion "1"]
[SourceVersionDate "2012.06.22"]
[SourceQuality "1"]

1. d4 Nf6 2. Nf3 d5 3. e3 Bf5 4. Be2 e6 5. c4 c6 6. 0-0 h6 7. b3 Nbd7 8. Bb2 Bd6 9. Ne5 Qb8 10. f4 0-0 11. Nd2 c5 12. Kh1 Qc7 13. Qe1 Ne4 14. cxd5 exd5 15. Nxe4 Bxe4 16. Nxd7 Qxd7 17. dxc5 Bxc5 18. Qc3 d4 19. Qxc5 d3 20. Qe5 Bxg2+ 21. Kxg2 f6 22. Qd4 Qxd4 23. Bxd4 dxe2 24. Rfe1 1-0

[Event "GER-ch U18 Girls"]
[Site "Oberhof"]
[Date "2012.05.27"]
[Round "1"]
[White "Lange, Anika"]
[Black "Evers, Annika"]
[Result "1/2-1/2"]
[WhiteElo "1465"]
[BlackElo "1775"]
[PlyCount "65"]
[EventDate "2012.05.27"]
[EventType "swiss"]
[EventRounds "9"]
[EventCountry "GER"]
[SourceTitle "CBM 148 Extra"]
[Source "ChessBase"]
[SourceDate "2012.06.22"]
[SourceVersion "1"]
[SourceVersionDate "2012.06.22"]
[SourceQuality "1"]

1. d4 d5 2. c4 c6 3. Nf3 Nf6 4. Nc3 e6 5. e3 Nbd7 6. Bd3 Bd6 7. 0-0 0-0 8. b3 a6 9. Bb2 b5 10. Qe2 Bb7 11. e4 dxc4 12. bxc4 e5 13. cxb5 cxb5 14. Nxb5 Bb8 15. dxe5 Nxe5 16. Bxe5 Bxe5 17. Nxe5 axb5 18. Bxb5 Bxe4 19. Rfd1 Qb8 20. Nd7 Nxd7 21. Bxd7 Qb7 22. f3 Bd5 23. Qd2 Bc4 24. Qc2 Bd5 25. Bf5 g6 26. Be4 Qb6+ 27. Qf2 Qxf2+ 28. Kxf2 Rxa2+ 29. Rxa2 Bxa2 30. Ra1 f5 31. Bc6 Rc8 32. Rxa2 Rxc6 33. Rd2 1/2-1/2

[Event "GER-chT U18 Girls"]
[Site "Germany"]
[Date "2012.05.06"]
[Round "7.2"]
[White "Lange, Anika"]
[Black "Liez, Franziska"]
[Result "1/2-1/2"]
[WhiteElo "1523"]
[BlackElo "1726"]
[PlyCount "80"]
[EventDate "2012.05.04"]
[EventType "team-swiss"]
[EventRounds "7"]
[EventCountry "GER"]
[SourceTitle "EXT 2014"]
[Source "ChessBase"]
[SourceDate "2013.11.20"]
[SourceVersion "1"]
[SourceVersionDate "2013.11.20"]
[SourceQuality "1"]
[WhiteTeam "Stade Athenaeum (W)"]
[BlackTeam "Limburg Mariens (W)"]
[WhiteTeamCountry "GER"]
[BlackTeamCountry "GER"]

1. d4 Nf6 2. Nf3 e6 3. e3 b6 4. Bd3 Bb7 5. 0-0 c5 6. Nbd2 Be7 7. b3 0-0 8. Bb2 Re8 9. c4 d6 10. Rc1 Nbd7 11. Bb1 Rc8 12. Qe2 Qc7 13. Rfd1 Qb8 14. Ng5 Qa8 15. Ngf3 Bf8 16. Qf1 h6 17. h3 Be7 18. a3 Ba6 19. Qe1 Bf8 20. dxc5 bxc5 21. Bc2 d5 22. Bb1 Qb8 23. Ba1 Bb7 24. Rc2 Be7 25. Rdc1 dxc4 26. Rxc4 Bxf3 27. Nxf3 Qxb3 28. R4c3 Qb7 29. R3c2 Nd5 30. Rb2 Qa6 31. Rb3 c4 32. Rb2 Qxa3 33. Ra2 Qc5 34. Bd4 Qc6 35. Rxa7 Ra8 36. Rxa8 Rxa8 37. Be4 Rc8 38. Ne5 Nxe5 39. Bxe5 f6 40. Bd4 Bd6 1/2-1/2

[Event "GER-chT U18 Girls"]
[Site "Germany"]
[Date "2012.05.05"]
[Round "4.2"]
[White "Gressmann, Hanna"]
[Black "Lange, Anika"]
[Result "1/2-1/2"]
[WhiteElo "1490"]
[BlackElo "1523"]
[PlyCount "70"]
[EventDate "2012.05.04"]
[EventType "team-swiss"]
[EventRounds "7"]
[EventCountry "GER"]
[SourceTitle "EXT 2014"]
[Source "ChessBase"]
[SourceDate "2013.11.20"]
[SourceVersion "1"]
[SourceVersionDate "2013.11.20"]
[SourceQuality "1"]
[WhiteTeam "Berlin HSG (W)"]
[BlackTeam "Stade Athenaeum (W)"]
[WhiteTeamCountry "GER"]
[BlackTeamCountry "GER"]

1. d4 d5 2. Nf3 Nf6 3. Nbd2 e6 4. e3 Bd6 5. Bd3 0-0 6. 0-0 Nbd7 7. e4 dxe4 8. Nxe4 Nxe4 9. Bxe4 c5 10. d5 exd5 11. Bxd5 Nf6 12. Bc4 Bg4 13. h3 Bh5 14. Bg5 Be7 15. Re1 Re8 16. c3 a6 17. g4 Bg6 18. Ne5 Qc7 19. Nxg6 hxg6 20. Bxf6 Bxf6 21. Bb3 b5 22. Bd5 Rad8 23. Rxe8+ Rxe8 24. Qc2 Kf8 25. Rd1 Be5 26. Kg2 Bf6 27. Rd2 Rd8 28. Bf3 Re8 29. Qd1 Rd8 30. Rxd8+ Bxd8 31. Qc2 a5 32. a3 Qb6 33. Qd3 b4 34. axb4 axb4 35. cxb4 cxb4 1/2-1/2

[Event "BL2 West 1112 (Women)"]
[Site "Germany"]
[Date "2011.11.26"]
[Round "3.5"]
[White "Lange, Anika"]
[Black "Krumbke, Nadine"]
[Result "1/2-1/2"]
[WhiteElo "1631"]
[BlackElo "1826"]
[PlyCount "62"]
[EventDate "2011.10.29"]
[EventType "team-tourn"]
[EventRounds "7"]
[EventCountry "GER"]
[SourceTitle "EXT 2013"]
[Source "ChessBase"]
[SourceDate "2012.11.22"]
[SourceVersion "1"]
[SourceVersionDate "2012.11.22"]
[SourceQuality "1"]
[WhiteTeam "Delmenhorst (W)"]
[BlackTeam "Kiel Doppelbauer (W)"]
[WhiteTeamCountry "GER"]
[BlackTeamCountry "GER"]

1. d4 d5 2. Nf3 Nf6 3. e3 e6 4. Bd3 c5 5. b3 Nc6 6. 0-0 Bd6 7. Bb2 0-0 8. Ne5 Qc7 9. f4 Nb4 10. Nd2 Nxd3 11. cxd3 Nd7 12. Kh1 f6 13. Nef3 b5 14. Rc1 Qb6 15. Qe2 Ba6 16. Rc2 Rac8 17. Rfc1 Qb8 18. dxc5 Nxc5 19. Bd4 Nd7 20. Bb2 b4 21. Ne1 Rxc2 22. Rxc2 Nc5 23. Ndf3 Qe8 24. Bd4 Qb5 25. Bxc5 Bxc5 26. Nd4 Bxd4 27. exd4 Qd7 28. Nf3 Rc8 29. Rc5 Kf7 30. Kg1 Qd6 31. Qe3 Qb6 1/2-1/2

[Event "GER-ch U16 Girls"]
[Site "Oberhof"]
[Date "2011.06.15"]
[Round "6"]
[White "Lange, Anika"]
[Black "Schaefer, Ann Kathrin"]
[Result "1/2-1/2"]
[WhiteElo "1637"]
[BlackElo "1623"]
[PlyCount "52"]
[EventDate "2011.06.11"]
[EventType "swiss"]
[EventRounds "9"]
[EventCountry "GER"]
[SourceTitle "CBM 142 Extra"]
[Source "ChessBase"]
[SourceDate "2011.06.27"]
[SourceVersion "1"]
[SourceVersionDate "2011.06.27"]
[SourceQuality "1"]

1. d4 Nf6 2. Nf3 g6 3. e3 Bg7 4. b4 0-0 5. c4 d6 6. Bb2 b6 7. Qb3 c5 8. a3 Nbd7 9. Be2 Bb7 10. 0-0 Rc8 11. Nc3 cxd4 12. Nxd4 Ne5 13. Rac1 d5 14. cxd5 Nxd5 15. Nxd5 Qxd5 16. Qxd5 Bxd5 17. Nb5 Nc6 18. Bxg7 Kxg7 19. Bg4 e6 20. Rfd1 Rfd8 21. f3 f5 22. Bh3 a6 23. Nc3 Bc4 24. Rxd8 Rxd8 25. Na4 b5 26. Nb2 Bd5 1/2-1/2

[Event "GER-ch U16 Girls"]
[Site "Oberhof"]
[Date "2011.06.13"]
[Round "3"]
[White "Lange, Anika"]
[Black "Schmalhorst, Sophia"]
[Result "0-1"]
[WhiteElo "1637"]
[BlackElo "1878"]
[PlyCount "120"]
[EventDate "2011.06.11"]
[EventType "swiss"]
[EventRounds "9"]
[EventCountry "GER"]
[SourceTitle "CBM 142 Extra"]
[Source "ChessBase"]
[SourceDate "2011.06.27"]
[SourceVersion "1"]
[SourceVersionDate "2011.06.27"]
[SourceQuality "1"]

1. d4 Nf6 2. Nf3 e6 3. e3 c5 4. Bd3 b6 5. 0-0 Bb7 6. Nbd2 Be7 7. b3 0-0 8. Bb2 d6 9. c4 Nbd7 10. Rc1 Rc8 11. Qe2 Re8 12. Rfd1 Qc7 13. e4 cxd4 14. Bxd4 Qb8 15. Qf1 Nc5 16. Re1 Qa8 17. e5 dxe5 18. Bxe5 Nxd3 19. Qxd3 Red8 20. Qe2 Ng4 21. Bg3 Bb4 22. Red1 Nf6 23. Bf4 Nd7 24. Qf1 Nc5 25. Be3 Nd3 26. Rb1 h6 27. h3 Rc7 28. Nd4 Nc5 29. Nc2 Bc3 30. Ne1 Rcd7 31. Nef3 Ne4 32. Nxe4 Bxe4 33. Rxd7 Rxd7 34. Rc1 Bb4 35. Ne5 Rd8 36. f3 Bb7 37. Nd3 Be7 38. Rd1 Qc8 39. Ne5 Bf6 40. Ng4 Be7 41. Ne5 Kf8 42. Rd3 Ke8 43. Qd1 Qc7 44. Ng4 Rxd3 45. Qxd3 Qd6 46. Qxd6 Bxd6 47. Kf1 f5 48. Nf2 Ke7 49. Nd3 e5 50. c5 bxc5 51. Bxc5 Ba6 52. Bxd6+ Kxd6 53. Ke2 e4 54. fxe4 fxe4 55. g3 Bxd3+ 56. Kd2 Kc5 57. a3 Kd4 58. b4 e3+ 59. Ke1 Kc4 60. Kd1 Kb3 0-1

[Event "GER-ch U16 Girls"]
[Site "Oberhof"]
[Date "2011.06.12"]
[Round "1"]
[White "Lange, Anika"]
[Black "Kuckling, Hannah"]
[Result "1-0"]
[WhiteElo "1637"]
[BlackElo "1775"]
[PlyCount "107"]
[EventDate "2011.06.11"]
[EventType "swiss"]
[EventRounds "9"]
[EventCountry "GER"]
[SourceTitle "CBM 142 Extra"]
[Source "ChessBase"]
[SourceDate "2011.06.27"]
[SourceVersion "1"]
[SourceVersionDate "2011.06.27"]
[SourceQuality "1"]

1. d4 Nf6 2. Nf3 g6 3. e3 Bg7 4. b4 0-0 5. c4 d6 6. Bb2 Nbd7 7. Qb3 Qe8 8. Be2 e5 9. dxe5 dxe5 10. 0-0 Kh8 11. Nc3 c6 12. Rad1 Nh5 13. Ne4 f5 14. Nd6 Qe7 15. Rd2 f4 16. Rfd1 Nb6 17. Bf1 Bg4 18. Be2 Bxf3 19. Bxf3 Bh6 20. Qc3 Bg7 21. Bxh5 gxh5 22. Qb3 Qg5 23. exf4 exf4 24. Bxg7+ Qxg7 25. Rd3 Nd7 26. Qc3 Ne5 27. Rh3 f3 28. Rg3 Qf6 29. Ne4 Qe7 30. Rd7 Rad8 31. Rxd8 Rxd8 32. gxf3 Rd3 33. Qb2 h6 34. f4 Rxg3+ 35. fxg3 Kg8 36. Qxe5 Qxb4 37. Qe6+ Kf8 38. Qxh6+ Ke7 39. Qg7+ Kd8 40. Qf6+ Kc7 41. Qd6+ Qxd6 42. Nxd6 Kxd6 43. Kf2 b5 44. cxb5 cxb5 45. Ke3 Kd5 46. h3 a5 47. Kd3 b4 48. g4 h4 49. g5 a4 50. g6 Ke6 51. f5+ Kf6 52. Kc4 b3 53. axb3 axb3 54. Kxb3 1-0

[Event "GER-chT U18 Girls"]
[Site "Germany"]
[Date "2011.05.15"]
[Round "7.2"]
[White "Efinger, Leila"]
[Black "Lange, Anika"]
[Result "0-1"]
[WhiteElo "1069"]
[BlackElo "1450"]
[PlyCount "74"]
[EventDate "2011.05.13"]
[EventType "team-swiss"]
[EventRounds "7"]
[EventCountry "GER"]
[SourceTitle "EXT 2012"]
[Source "ChessBase"]
[SourceDate "2011.11.24"]
[SourceVersion "1"]
[SourceVersionDate "2011.11.24"]
[SourceQuality "1"]
[WhiteTeam "Gonsenheim Gymn (W)"]
[BlackTeam "Stade Athenaeum (W)"]
[WhiteTeamCountry "GER"]
[BlackTeamCountry "GER"]

1. d4 d5 2. Bf4 c5 3. Nf3 Nc6 4. Bg3 e6 5. e3 Nf6 6. c3 Be7 7. Bd3 0-0 8. Nbd2 a6 9. 0-0 b5 10. Re1 Bb7 11. Qe2 Rc8 12. Rac1 Qb6 13. Ne5 Nxe5 14. Bxe5 Ne4 15. Qg4 f6 16. Nxe4 dxe4 17. Bxe4 Bxe4 18. Qxe4 fxe5 19. Qxe5 Bf6 20. Qe4 a5 21. dxc5 Rxc5 22. Red1 Rc4 23. Qc2 b4 24. Qd3 Rc7 25. cxb4 axb4 26. Qe2 Rfc8 27. Rxc7 Qxc7 28. h3 Qc2 29. Rd2 Qc1+ 30. Kh2 Qc7+ 31. Kg1 Be5 32. Rd1 Qc2 33. Rd2 Qb1+ 34. Rd1 Rc1 35. Rxc1 Qxc1+ 36. Qf1 Bh2+ 37. Kxh2 Qxf1 0-1

[Event "GER-chT U18 Girls"]
[Site "Germany"]
[Date "2011.05.14"]
[Round "6.2"]
[White "Liez, Franziska"]
[Black "Lange, Anika"]
[Result "1/2-1/2"]
[WhiteElo "1441"]
[BlackElo "1450"]
[PlyCount "80"]
[EventDate "2011.05.13"]
[EventType "team-swiss"]
[EventRounds "7"]
[EventCountry "GER"]
[SourceTitle "EXT 2012"]
[Source "ChessBase"]
[SourceDate "2011.11.24"]
[SourceVersion "1"]
[SourceVersionDate "2011.11.24"]
[SourceQuality "1"]
[WhiteTeam "Limburg Mariens (W)"]
[BlackTeam "Stade Athenaeum (W)"]
[WhiteTeamCountry "GER"]
[BlackTeamCountry "GER"]

1. e4 c5 2. Nf3 Nc6 3. Nc3 e6 4. d4 cxd4 5. Nxd4 Bb4 6. f4 Nf6 7. Nxc6 bxc6 8. Bd3 d5 9. exd5 cxd5 10. 0-0 0-0 11. Kh1 Bb7 12. a3 Ba5 13. b4 Bb6 14. Na4 Rc8 15. Bb2 Be3 16. Qf3 Bb6 17. Nxb6 axb6 18. Rae1 Ne4 19. Qg4 Nf6 20. Qh4 h6 21. Bd4 Nd7 22. Qg4 Nf6 23. Qh3 Ra8 24. Ra1 Bc8 25. Qe3 Rb8 26. Rf3 Bd7 27. Raf1 Re8 28. Rg3 Kf8 29. Be5 Ra8 30. Be2 Bc6 31. Bxf6 Qxf6 32. Qxb6 Rec8 33. Qe3 Bb7 34. Qd2 Qb2 35. Bd1 Rxa3 36. Rxa3 Qxa3 37. f5 Ba6 38. Rf3 Qa1 39. fxe6 Ke7 40. exf7 Kf8 1/2-1/2

[Event "GER-chT U18 Girls"]
[Site "Germany"]
[Date "2011.05.13"]
[Round "2.2"]
[White "Lange, Anika"]
[Black "Triantafillidis, Zoe"]
[Result "1-0"]
[WhiteElo "1450"]
[BlackElo "1187"]
[PlyCount "83"]
[EventDate "2011.05.13"]
[EventType "team-swiss"]
[EventRounds "7"]
[EventCountry "GER"]
[SourceTitle "EXT 2012"]
[Source "ChessBase"]
[SourceDate "2011.11.24"]
[SourceVersion "1"]
[SourceVersionDate "2011.11.24"]
[SourceQuality "1"]
[WhiteTeam "Stade Athenaeum (W)"]
[BlackTeam "Heilbronn EHKG (W)"]
[WhiteTeamCountry "GER"]
[BlackTeamCountry "GER"]

1. d4 d5 2. Nf3 Nf6 3. e3 Bg4 4. Nbd2 Nc6 5. Bd3 e6 6. 0-0 Bd6 7. b3 Qe7 8. Bb2 e5 9. dxe5 Bxe5 10. Bxe5 Nxe5 11. Be2 Nxf3+ 12. Nxf3 0-0 13. h3 Bh5 14. Rc1 Rad8 15. Qe1 Qc5 16. c4 c6 17. cxd5 Qxd5 18. Qb4 Rd7 19. Rfd1 Qe4 20. Qc5 b6 21. Qxc6 Rxd1+ 22. Bxd1 Qxc6 23. Rxc6 Rd8 24. Rc1 h6 25. Kf1 Bxf3 26. Bxf3 Rd2 27. Rc8+ Kh7 28. a4 Rb2 29. Rc7 Kg6 30. Rxa7 Rxb3 31. Rb7 Ra3 32. Rxb6 Rxa4 33. Rd6 Kf5 34. Rd8 g6 35. Ke1 Ra2 36. Rf8 Ke6 37. Rh8 h5 38. g4 hxg4 39. Bxg4+ Nxg4 40. hxg4 Ra1+ 41. Ke2 Rg1 42. f3 1-0

[Event "GER-ch U16 Girls"]
[Site "Oberhof"]
[Date "2010.05.26"]
[Round "6"]
[White "Lange, Anika"]
[Black "Reck, Jessica"]
[Result "1/2-1/2"]
[WhiteElo "1356"]
[BlackElo "1296"]
[PlyCount "39"]
[EventDate "2010.05.22"]
[EventType "swiss"]
[EventRounds "9"]
[EventCountry "GER"]
[SourceTitle "CBM 136 Extra"]
[Source "ChessBase"]
[SourceDate "2010.07.02"]
[SourceVersion "2"]
[SourceVersionDate "2010.07.15"]
[SourceQuality "1"]

1. d4 Nf6 2. Nf3 c6 3. e3 d5 4. Bd3 Bg4 5. Nbd2 Nbd7 6. h3 Bh5 7. b3 e6 8. Bb2 Qc7 9. 0-0 Be7 10. Rc1 h6 11. a3 g5 12. c4 g4 13. hxg4 Bxg4 14. cxd5 Nxd5 15. Re1 Rg8 16. Kf1 h5 17. Qc2 h4 18. Ke2 a5 19. Rh1 f5 20. Kf1 1/2-1/2

[Event "GER-ch Schools U18 Girls"]
[Site "Germany"]
[Date "2010.05.07"]
[Round "3.3"]
[White "Lange, Anika"]
[Black "Sauer, Annika"]
[Result "1-0"]
[WhiteElo "1215"]
[BlackElo "1033"]
[PlyCount "99"]
[EventDate "2010.05.07"]
[EventType "team-swiss"]
[EventRounds "7"]
[EventCountry "GER"]
[SourceTitle "EXT 2011"]
[Source "ChessBase"]
[SourceDate "2010.11.26"]
[SourceVersion "1"]
[SourceVersionDate "2010.11.26"]
[SourceQuality "1"]
[WhiteTeam "Stade Athenaeum (W)"]
[BlackTeam "Leegebruch (W)"]
[WhiteTeamCountry "GER"]
[BlackTeamCountry "GER"]

1. d4 d5 2. Nf3 Nc6 3. e3 Bf5 4. Be2 e6 5. 0-0 Bd6 6. b3 Nf6 7. Bb2 0-0 8. Nbd2 Nh5 9. Ne5 Qg5 10. Bxh5 Bh3 11. Qf3 Bf5 12. Qd1 Nxe5 13. dxe5 Bc5 14. Re1 Bb4 15. Bf3 h6 16. a3 Be7 17. e4 dxe4 18. Nxe4 Qh4 19. g3 Qh3 20. Bg2 Qg4 21. Qxg4 Bxg4 22. h3 Bf5 23. Rad1 c5 24. Rd7 Bd8 25. Rxb7 Bb6 26. g4 Bh7 27. Rd1 Rfe8 28. Rdd7 Bg6 29. h4 h5 30. gxh5 Bxh5 31. Ng5 Rf8 32. Kh2 Rfd8 33. Kg3 Rxd7 34. Rxd7 a5 35. Bxa8 Kf8 36. Rb7 Bd8 37. b4 axb4 38. axb4 cxb4 39. Rxb4 Ba5 40. Rb5 Bd2 41. c4 Ke7 42. c5 Kd7 43. c6+ Kc7 44. Bd4 Bc1 45. Bb6+ Kb8 46. c7+ Kc8 47. Ba5 Kd7 48. Bb7 Ke7 49. c8Q f6 50. Qd8# 1-0

[Event "GER-ch Schools U18 Girls"]
[Site "Germany"]
[Date "2009.05.18"]
[Round "7.2"]
[White "Lange, Anika"]
[Black "Siewert, Jessica"]
[Result "0-1"]
[WhiteElo "1221"]
[BlackElo "905"]
[PlyCount "66"]
[EventDate "2009.05.16"]
[EventType "team-swiss"]
[EventRounds "7"]
[EventCountry "GER"]
[SourceTitle "EXT 2011"]
[Source "ChessBase"]
[SourceDate "2010.11.26"]
[SourceVersion "1"]
[SourceVersionDate "2010.11.26"]
[SourceQuality "1"]
[WhiteTeam "Stade Athenaeum (W)"]
[BlackTeam "Jever (W)"]
[WhiteTeamCountry "GER"]
[BlackTeamCountry "GER"]

1. e4 e5 2. f4 f5 3. exf5 Qf6 4. Bc4 Qxf5 5. d3 exf4 6. Nf3 d5 7. Bb3 Nc6 8. 0-0 Be6 9. Ba4 Nge7 10. Nd4 Qg4 11. Nxe6 Qxe6 12. Bxf4 0-0-0 13. c4 dxc4 14. Re1 Qd5 15. Nc3 Qxd3 16. Qg4+ Qf5 17. Qxf5+ Nxf5 18. Bg5 Bc5+ 19. Kh1 Rde8 20. Bc2 Ne3 21. Bxe3 Rxe3 22. Bf5+ Kb8 23. Rxe3 Bxe3 24. Nd5 Bd4 25. Rb1 Rd8 26. Nf4 g6 27. Bh3 Rd6 28. Ne6 Bf6 29. Nf8 c3 30. Nxh7 Bg7 31. b3 c2 32. Rc1 Rd1+ 33. Rxd1 cxd1Q# 0-1

[Event "GER-ch Schools U18 Girls"]
[Site "Germany"]
[Date "2009.05.17"]
[Round "5.2"]
[White "Lange, Anika"]
[Black "Thiebach, Janina"]
[Result "1-0"]
[WhiteElo "1221"]
[BlackElo "800"]
[PlyCount "71"]
[EventDate "2009.05.16"]
[EventType "team-swiss"]
[EventRounds "7"]
[EventCountry "GER"]
[SourceTitle "EXT 2011"]
[Source "ChessBase"]
[SourceDate "2010.11.26"]
[SourceVersion "1"]
[SourceVersionDate "2010.11.26"]
[SourceQuality "1"]
[WhiteTeam "Stade Athenaeum (W)"]
[BlackTeam "Hamburg MCG (W)"]
[WhiteTeamCountry "GER"]
[BlackTeamCountry "GER"]

1. e4 e5 2. f4 Nc6 3. Nf3 d6 4. Bc4 exf4 5. 0-0 Nf6 6. Nc3 Be6 7. Bxe6 fxe6 8. d4 d5 9. exd5 exd5 10. Re1+ Be7 11. Bxf4 0-0 12. Ng5 Qd7 13. Ne6 Rf7 14. Nxc7 Rc8 15. Ne6 Na5 16. Qf3 Nc4 17. Rab1 Rc6 18. Ng5 Rf8 19. Qd3 Bd6 20. Bxd6 Rxd6 21. Nxd5 Rxd5 22. Qxc4 Re8 23. a3 b5 24. Qb3 Kf8 25. Rxe8+ Qxe8 26. Qb4+ Kg8 27. Nf3 Qe2 28. Re1 Qxc2 29. Re7 a6 30. Ra7 h6 31. Ra8+ Kh7 32. Qe7 Qxb2 33. Ra7 Kg6 34. Qxg7+ Kf5 35. Nh4+ Ke6 36. Qe7# 1-0

[Event "GER-ch Schools U18 Girls"]
[Site "Germany"]
[Date "2009.05.16"]
[Round "1.2"]
[White "Lange, Anika"]
[Black "Wolff, Marie Antoinette"]
[Result "1-0"]
[WhiteElo "1221"]
[BlackElo "708"]
[PlyCount "89"]
[EventDate "2009.05.16"]
[EventType "team-swiss"]
[EventRounds "7"]
[EventCountry "GER"]
[SourceTitle "EXT 2011"]
[Source "ChessBase"]
[SourceDate "2010.11.26"]
[SourceVersion "1"]
[SourceVersionDate "2010.11.26"]
[SourceQuality "1"]
[WhiteTeam "Stade Athenaeum (W)"]
[BlackTeam "Pestalozzi GS (W)"]
[WhiteTeamCountry "GER"]
[BlackTeamCountry "GER"]

1. e4 d6 2. f4 Nf6 3. Nc3 g6 4. Nf3 Bg7 5. Bc4 0-0 6. 0-0 Nc6 7. d4 Qd7 8. Be3 Qg4 9. h3 Qg3 10. Bf2 Qxf4 11. Re1 Bg4 12. Be3 Qg3 13. Ne2 Bxf3 14. Nxg3 Bxd1 15. Raxd1 e5 16. dxe5 Nxe5 17. Bb3 Rae8 18. Bxa7 Nc6 19. Bf2 Na5 20. Ba4 Re7 21. b3 Nh5 22. Nxh5 gxh5 23. Rd5 b6 24. Rxh5 Bc3 25. Re2 d5 26. Rxd5 c6 27. Rg5+ Kh8 28. Bxb6 Nb7 29. Bxc6 Bf6 30. Rf5 Bc3 31. Re3 Bb2 32. a4 h6 33. a5 Nxa5 34. Bxa5 Ra7 35. Bb6 Ra1+ 36. Kh2 Rc1 37. c4 f6 38. Bc5 Rc8 39. Rh5 Kh7 40. Bd7 Rd8 41. Bf5+ Kg7 42. Rg3+ Kf7 43. Rxh6 Be5 44. Rh7+ Ke8 45. Bg6# 1-0